| 000 | 00566nam a22001817a 4500 | ||
|---|---|---|---|
| 003 | OSt | ||
| 005 | 20160517143359.0 | ||
| 008 | 160517b xxu||||| |||| 00| 0 eng d | ||
| 010 | _a85081206 | ||
| 020 | _a0395357454 (student's ed. : pbk.) | ||
| 040 | _cn/a | ||
| 100 | _a Watkins,Floyd C. | ||
| 245 |
_aPractical English handbook / Floyd C. Watkins, William B. Dillingham. _cFloyd C. Watkins, William B. Dillingham. |
||
| 250 | _a7th ed. | ||
| 260 |
_aBoston : _b Houghton Mifflin Co., _c c1986. |
||
| 300 |
_axxii, 429 p. _b ill. _c 18 cm. |
||
| 942 |
_2lcc _cREF |
||
| 999 |
_c253792 _d253791 |
||